India First Level Subdivisions - Statistics

General Stats
  • This quiz has been taken 430 times
    422 since last reset
  • The average score is 24 of 36
Answer Stats
States % Correct
National Capital Territory of Delhi
89%
Punjab
87%
Uttar Pradesh
87%
Goa
84%
Jammu and Kashmir
83%
West Bengal
83%
Gujarat
82%
Tamil Nadu
78%
Assam
77%
Rajasthan
77%
Kerala
76%
Andaman and Nicobar Islands
72%
Dadra and Nagar Haveli and Daman and Diu
72%
Madhya Pradesh
72%
Sikkim
72%
Maharashtra
68%
Andhra Pradesh
67%
Odisha
67%
Nagaland
66%
Arunachal Pradesh
64%
Bihar
62%
Haryana
62%
Karnataka
62%
Puducherry
62%
Mizoram
61%
Uttarakhand
60%
Chhattisgarh
59%
Himachal Pradesh
59%
Manipur
56%
Jharkhand
55%
Telangana
55%
Ladakh
54%
Lakshadweep
54%
Tripura
54%
Chandigarh
53%
Meghalaya
53%
No matching quizzes found
Score Distribution
Percent of People with Each Score
Percentile by Number Answered
Your Score History
You have not taken this quiz since the last reset